000
00341nam a22001457a 4500
008
230613b ||||| |||| 00| 0 eng d
020
_a
9780781732031
041
_a
eng
080
_2
SIXTH EDITION
_a
618
082
_a
618YAF
100
_a
15
101
_a
GJINK
245
_a
DRUGS IN PREGNANCY AND LACTATION
_c
YAFFE.J.S
942
_2
udc
_c
BK
999
_c
59960
_d
59960